| 000 | 00346nam a22001217a 4500 | ||
|---|---|---|---|
| 008 | 211123b |||||||| |||| 00| 0 eng d | ||
| 020 | _a9789993628903 | ||
| 245 | _aStatistical Yearbook of Bhutan 2021 | ||
| 260 |
_aThimphu ; _bNational Statistics Bureau, _c2021. |
||
| 300 |
_a420 p. _c24 cm. |
||
| 650 | _aNational Statistics Bureau | ||
| 942 | _2ddc | ||
| 999 |
_c8910 _d8911 |
||